[Event "19. Obert Int. Sant Marti 2017"]
[Site "Barcelona ESP"]
[Date "2017.07.14"]
[Round "2.4"]
[White "Asis Gargatagli, Hipolito"]
[Black "Mateus, Alejandro"]
[Result "1-0"]
[WhiteElo "2505"]
[BlackElo "2240"]
[PlyCount "39"]
[EventDate "2017.07.13"]
[EventType "swiss"]
[EventRounds "9"]
[EventCountry "ESP"]
[SourceTitle "Ajedrez en Madrid"]
[Source "lmi"]
[SourceDate "2017.07.13"]
[SourceVersion "1"]
[SourceVersionDate "2019.06.21"]
[SourceQuality "1"]

1. e4 g6 2. d4 Bg7 3. Nf3 c6 4. h3 d5 5. e5 Nh6 6. c4 f6 7. exf6 exf6 8. cxd5
cxd5 9. Nc3 Be6 10. Qb3 b6 11. Bb5+ Kf7 12. Bf4 Nf5 13. O-O g5 14. Rfe1 a6 15.
Rxe6 Kxe6 16. Re1+ Kf7 17. Nxd5 Kg6 18. Bd3 gxf4 19. Nxf4+ Kh6 20. Qf7 1-0

[Event "19. Obert Int. Sant Marti 2017"]
[Site "Barcelona ESP"]
[Date "2017.07.14"]
[Round "2.5"]
[White "Deshmukh, Anup"]
[Black "Burmakin, Vladimir"]
[Result "1/2-1/2"]
[WhiteElo "2241"]
[BlackElo "2505"]
[PlyCount "99"]
[EventDate "2017.07.13"]
[EventType "swiss"]
[EventRounds "9"]
[EventCountry "ESP"]
[SourceTitle "Ajedrez en Madrid"]
[Source "lmi"]
[SourceDate "2017.07.13"]
[SourceVersion "1"]
[SourceVersionDate "2019.06.21"]
[SourceQuality "1"]

1. c4 e6 2. Nc3 d5 3. d4 Be7 4. Bf4 Nf6 5. e3 O-O 6. Rc1 c6 7. Nf3 Nbd7 8. h3
Re8 9. Bd3 Nf8 10. O-O Ng6 11. Bg3 Bd6 12. Ne5 dxc4 13. Bxc4 Nd5 14. Ne4 Be7
15. Bb3 Nf6 16. Qf3 Rf8 17. Nxf6+ Bxf6 18. Rfd1 Qe7 19. Bc2 Rd8 20. Be4 Bd7 21.
a3 Be8 22. Nc4 Bh4 23. Bh2 f5 24. Bb1 Bf6 25. b4 Rac8 26. Ba2 Kh8 27. Bg3 Nf8
28. Be5 Ng6 29. Bg3 b6 30. Bb3 Qf8 31. Ne5 Bxe5 32. dxe5 Qe7 33. e4 Rxd1+ 34.
Rxd1 fxe4 35. Qxe4 c5 36. Rd6 Nf8 37. Kh2 Bg6 38. Qe2 Bf5 39. bxc5 bxc5 40. Bc4
Qg5 41. Ra6 Qc1 42. a4 h6 43. Rd6 Rb8 44. Bb5 Ng6 45. Qd2 Qa1 46. Rd8+ Rxd8 47.
Qxd8+ Kh7 48. Be8 Nh8 49. Qc7 Qc1 50. Qxa7 1/2-1/2

[Event "19. Obert Int. Sant Marti 2017"]
[Site "Barcelona ESP"]
[Date "2017.07.14"]
[Round "2.6"]
[White "Cuartas, Jaime Alexander"]
[Black "Capellades Subirana, Marc"]
[Result "1-0"]
[WhiteElo "2501"]
[BlackElo "2237"]
[PlyCount "89"]
[EventDate "2017.07.13"]
[EventType "swiss"]
[EventRounds "9"]
[EventCountry "ESP"]
[SourceTitle "Ajedrez en Madrid"]
[Source "lmi"]
[SourceDate "2017.07.13"]
[SourceVersion "1"]
[SourceVersionDate "2019.06.21"]
[SourceQuality "1"]

1. e4 e5 2. Nf3 Nc6 3. Bb5 a6 4. Ba4 g6 5. c3 Bg7 6. d4 Nge7 7. d5 Na5 8. Nbd2
b5 9. Bc2 d6 10. h4 h6 11. h5 Bg4 12. hxg6 Nxg6 13. Bd3 Nf4 14. Bf1 O-O 15. g3
Nxd5 16. exd5 e4 17. Bh3 Bxh3 18. Rxh3 exf3 19. Nxf3 Re8+ 20. Kf1 Qf6 21. Bf4
Nc4 22. Qc2 Qg6 23. Rc1 Ne5 24. Nxe5 Qxc2 25. Rxc2 dxe5 26. Bxh6 Rad8 27. c4
Rd6 28. Bxg7 Kxg7 29. Rh4 c6 30. dxc6 Rxc6 31. c5 Rd8 32. Re4 Rd5 33. b4 f5 34.
Ree2 Kf6 35. Red2 Ke6 36. Ke2 a5 37. Rxd5 Kxd5 38. bxa5 b4 39. f3 e4 40. Ke3
exf3 41. Kxf3 Ke5 42. Rc4 Kd5 43. Rxb4 Kxc5 44. Rb6 Rc8 45. Rf6 1-0

[Event "19. Obert Int. Sant Marti 2017"]
[Site "Barcelona ESP"]
[Date "2017.07.14"]
[Round "2.7"]
[White "Glimbrant, Torbjorn"]
[Black "Himanshu, Sharma"]
[Result "0-1"]
[WhiteElo "2238"]
[BlackElo "2498"]
[PlyCount "66"]
[EventDate "2017.07.13"]
[EventType "swiss"]
[EventRounds "9"]
[EventCountry "ESP"]
[SourceTitle "Ajedrez en Madrid"]
[Source "lmi"]
[SourceDate "2017.07.13"]
[SourceVersion "1"]
[SourceVersionDate "2019.06.21"]
[SourceQuality "1"]

1. d4 Nf6 2. Nf3 d5 3. c4 e6 4. Nc3 Nbd7 5. e3 a6 6. Qc2 Be7 7. Bd2 O-O 8. e4
dxe4 9. Nxe4 b6 10. Bd3 Bb7 11. O-O c5 12. Bc3 cxd4 13. Nxd4 Qc7 14. Rfe1 Nxe4
15. Bxe4 Bxe4 16. Rxe4 Bf6 17. Rd1 Rfd8 18. b3 Nc5 19. Ree1 Rd7 20. Ne2 Rad8
21. Bxf6 gxf6 22. Nc1 f5 23. h3 Qf4 24. Rxd7 Rxd7 25. Ne2 Qd2 26. Qc1 a5 27.
Kf1 h6 28. Qa1 Kh7 29. g4 fxg4 30. hxg4 Qg5 31. Qb1+ Kg8 32. f3 Nd3 33. Rd1 Qe3
0-1

[Event "19. Obert Int. Sant Marti 2017"]
[Site "Barcelona ESP"]
[Date "2017.07.14"]
[Round "2.8"]
[White "Frayna, Janelle Mae"]
[Black "Rios, Cristhian Camilo"]
[Result "1/2-1/2"]
[WhiteElo "2235"]
[BlackElo "2477"]
[PlyCount "76"]
[EventDate "2017.07.13"]
[EventType "swiss"]
[EventRounds "9"]
[EventCountry "ESP"]
[SourceTitle "Ajedrez en Madrid"]
[Source "lmi"]
[SourceDate "2017.07.13"]
[SourceVersion "1"]
[SourceVersionDate "2019.06.21"]
[SourceQuality "1"]

1. e4 c5 2. Nf3 e6 3. g3 Nf6 4. e5 Nd5 5. Bg2 Nc6 6. O-O Be7 7. d4 cxd4 8. Nxd4
Nxe5 9. Re1 Nc6 10. Bxd5 exd5 11. Nc3 O-O 12. Nxd5 Bc5 13. Nb3 d6 14. Bf4 Bf5
15. c3 Qd7 16. Nxc5 dxc5 17. Ne7+ Nxe7 18. Qxd7 Bxd7 19. Rxe7 Bc6 20. Bc7 Rac8
21. f4 b6 22. Rd1 f6 23. Kf2 Rf7 24. Rd8+ Rxd8 25. Bxd8 Kf8 26. Rxf7+ Kxf7 27.
f5 Ke8 28. Bc7 Kd7 29. Bf4 Be4 30. g4 Kc6 31. Ke3 Bb1 32. a3 Kd5 33. Bb8 a6 34.
Bc7 b5 35. Bd8 h5 36. gxh5 Bxf5 37. h6 gxh6 38. Bxf6 h5 1/2-1/2

[Event "19. Obert Int. Sant Marti 2017"]
[Site "Barcelona ESP"]
[Date "2017.07.14"]
[Round "2.9"]
[White "Vergara Jofre, Felipe"]
[Black "Arvola, Benjamin"]
[Result "0-1"]
[WhiteElo "2234"]
[BlackElo "2469"]
[PlyCount "52"]
[EventDate "2017.07.13"]
[EventType "swiss"]
[EventRounds "9"]
[EventCountry "ESP"]
[SourceTitle "Ajedrez en Madrid"]
[Source "lmi"]
[SourceDate "2017.07.13"]
[SourceVersion "1"]
[SourceVersionDate "2019.06.21"]
[SourceQuality "1"]

1. e4 e5 2. Nf3 Nc6 3. Bc4 Bc5 4. c3 Nf6 5. d3 d6 6. a4 a6 7. O-O Ba7 8. Na3
Ne7 9. Nc2 O-O 10. Be3 Bxe3 11. Nxe3 Ng6 12. Qc2 c6 13. b4 d5 14. Bb3 Ng4 15.
Rae1 dxe4 16. dxe4 Qf6 17. a5 Nf4 18. Nd2 Qg5 19. Ndc4 Be6 20. Nxg4 Bxg4 21. f3
Bh3 22. Ne3 Rad8 23. Kh1 Nxg2 24. Rg1 Nxe1 25. Rxe1 Qf4 26. Qf2 Rd3 0-1

[Event "19. Obert Int. Sant Marti 2017"]
[Site "Barcelona ESP"]
[Date "2017.07.14"]
[Round "2.10"]
[White "Zubritskiy, Artyom"]
[Black "Mendonca, Leon Luke"]
[Result "1/2-1/2"]
[WhiteElo "2442"]
[BlackElo "2222"]
[PlyCount "79"]
[EventDate "2017.07.13"]
[EventType "swiss"]
[EventRounds "9"]
[EventCountry "ESP"]
[SourceTitle "Ajedrez en Madrid"]
[Source "lmi"]
[SourceDate "2017.07.13"]
[SourceVersion "1"]
[SourceVersionDate "2019.06.21"]
[SourceQuality "1"]

1. b4 Nf6 2. Bb2 e6 3. b5 d5 4. e3 Be7 5. Nf3 O-O 6. c4 a6 7. a4 axb5 8. axb5
Rxa1 9. Bxa1 c5 10. Be2 Nbd7 11. O-O b6 12. Qc2 Bb7 13. d3 Qc7 14. Nbd2 Ra8 15.
h3 Ne8 16. Rc1 Bf6 17. d4 cxd4 18. Nxd4 Rc8 19. cxd5 Qxc2 20. Rxc2 Rxc2 21.
Nxc2 Bxd5 22. Bxf6 Ndxf6 23. f3 e5 24. Nb4 Nd6 25. Nb1 Bc4 26. Bxc4 Nxc4 27.
Kf2 Ne8 28. Nc3 Ned6 29. Nbd5 Na3 30. Nxb6 Naxb5 31. Nxb5 Nxb5 32. Nc4 f6 33.
f4 exf4 34. exf4 Kf7 35. g4 Ke6 36. Ke3 Kd5 37. Nb6+ Kc6 38. Nc8 Kd7 39. Nb6+
Kc6 40. Nc8 1/2-1/2

[Event "19. Obert Int. Sant Marti 2017"]
[Site "Barcelona ESP"]
[Date "2017.07.14"]
[Round "2.11"]
[White "Ahmed, Sk. Nasir"]
[Black "Salinas Herrera, Pablo"]
[Result "0-1"]
[WhiteElo "2221"]
[BlackElo "2438"]
[PlyCount "50"]
[EventDate "2017.07.13"]
[EventType "swiss"]
[EventRounds "9"]
[EventCountry "ESP"]
[SourceTitle "Ajedrez en Madrid"]
[Source "lmi"]
[SourceDate "2017.07.13"]
[SourceVersion "1"]
[SourceVersionDate "2019.06.21"]
[SourceQuality "1"]

1. c4 e5 2. g3 Nc6 3. Bg2 Bc5 4. e3 d6 5. Ne2 a6 6. Nbc3 Ba7 7. Rb1 Nf6 8. b4
O-O 9. O-O Bf5 10. d3 Qd7 11. a4 Bh3 12. Qb3 Qf5 13. Ne4 Nxe4 14. Bxe4 Qh5 15.
Re1 f5 16. Bd5+ Kh8 17. b5 Rab8 18. Kh1 Ne7 19. Bg2 axb5 20. cxb5 f4 21. Bxh3
fxg3 22. Nxg3 Qxh3 23. Rb2 Rf3 24. Qc3 Rbf8 25. Kg1 Ng6 0-1

[Event "19. Obert Int. Sant Marti 2017"]
[Site "Barcelona ESP"]
[Date "2017.07.14"]
[Round "2.12"]
[White "Sanchez Jerez, Emilio Miguel"]
[Black "Fernandez, Fernando"]
[Result "0-1"]
[WhiteElo "2216"]
[BlackElo "2424"]
[PlyCount "64"]
[EventDate "2017.07.13"]
[EventType "swiss"]
[EventRounds "9"]
[EventCountry "ESP"]
[SourceTitle "Ajedrez en Madrid"]
[Source "lmi"]
[SourceDate "2017.07.13"]
[SourceVersion "1"]
[SourceVersionDate "2019.06.21"]
[SourceQuality "1"]

1. d4 d5 2. Bf4 c5 3. e3 cxd4 4. exd4 Nc6 5. Nc3 a6 6. Nf3 Bg4 7. Be2 e6 8. O-O
Bd6 9. Bxd6 Qxd6 10. Na4 Nf6 11. Nc5 b6 12. Nxa6 Bxf3 13. gxf3 O-O 14. Qd2 Nh5
15. Bb5 Ne7 16. Kh1 f5 17. Nb4 Rf6 18. Nd3 Rh6 19. Ne5 Ng6 20. Rg1 Ngf4 21. Rg5
Qe7 22. Rag1 Nh3 23. R5g2 Qh4 24. Qxh6 Ng3+ 25. Rxg3 Qxh6 26. Rxg7+ Qxg7 27.
Rxg7+ Kxg7 28. a4 Nxf2+ 29. Kg2 Nd1 30. Nd7 Rc8 31. c4 dxc4 32. Nxb6 Nxb2 0-1

[Event "19. Obert Int. Sant Marti 2017"]
[Site "Barcelona ESP"]
[Date "2017.07.14"]
[Round "2.13"]
[White "Perez Mitjans, Orelvis"]
[Black "Sama Salinas, Hector"]
[Result "1-0"]
[WhiteElo "2407"]
[BlackElo "2205"]
[PlyCount "73"]
[EventDate "2017.07.13"]
[EventType "swiss"]
[EventRounds "9"]
[EventCountry "ESP"]
[SourceTitle "Ajedrez en Madrid"]
[Source "lmi"]
[SourceDate "2017.07.13"]
[SourceVersion "1"]
[SourceVersionDate "2019.06.21"]
[SourceQuality "1"]

1. e4 g6 2. d4 Bg7 3. Nf3 c6 4. Bd3 d5 5. e5 f6 6. Qe2 Bg4 7. Nbd2 fxe5 8. dxe5
e6 9. h3 Bxf3 10. Nxf3 Nd7 11. h4 Qc7 12. Bf4 O-O-O 13. O-O-O Rf8 14. g3 Bh6
15. Bg5 Bxg5+ 16. hxg5 Ne7 17. Rde1 c5 18. c4 Nb6 19. Nd2 Nc6 20. f4 Nd4 21.
Qg2 Qc6 22. Kb1 Kb8 23. Rh2 Qa4 24. Rc1 Rc8 25. Qh1 Qb4 26. Qd1 Na4 27. Nb3 Nb6
28. Nxd4 cxd4 29. a3 Qe7 30. cxd5 Nxd5 31. Rxc8+ Rxc8 32. Be4 Qc5 33. Rxh7 Qb5
34. Ka2 Ne3 35. Qxd4 Qc4+ 36. Qxc4 Rxc4 37. Bxg6 1-0

[Event "19. Obert Int. Sant Marti 2017"]
[Site "Barcelona ESP"]
[Date "2017.07.14"]
[Round "2.14"]
[White "Franco Valencia, Angela"]
[Black "Smirnov, Artem"]
[Result "0-1"]
[WhiteElo "2214"]
[BlackElo "2401"]
[PlyCount "58"]
[EventDate "2017.07.13"]
[EventType "swiss"]
[EventRounds "9"]
[EventCountry "ESP"]
[SourceTitle "Ajedrez en Madrid"]
[Source "lmi"]
[SourceDate "2017.07.13"]
[SourceVersion "1"]
[SourceVersionDate "2019.06.21"]
[SourceQuality "1"]

1. e4 c5 2. Nf3 d6 3. d4 cxd4 4. Nxd4 Nf6 5. Nc3 Nc6 6. Bg5 e6 7. Qd2 a6 8. f4
h6 9. Bh4 Nxe4 10. Nxe4 Qxh4+ 11. g3 Qd8 12. O-O-O d5 13. Nxc6 bxc6 14. f5 exf5
15. Nf2 Be7 16. Qc3 O-O 17. Qxc6 Be6 18. Qa4 Qb6 19. Nd3 Rab8 20. Bg2 Rfc8 21.
b3 Qc7 22. Rd2 Qc3 23. Kd1 Bg5 24. Nf4 Rb4 25. Qxa6 Bxf4 26. gxf4 Re4 27. Bxe4
fxe4 28. Rf1 Bg4+ 29. Ke1 e3 0-1

[Event "19. Obert Int. Sant Marti 2017"]
[Site "Barcelona ESP"]
[Date "2017.07.14"]
[Round "2.15"]
[White "Dardha, Daniel"]
[Black "Oblitas, Carlomagno"]
[Result "1/2-1/2"]
[WhiteElo "2212"]
[BlackElo "2395"]
[PlyCount "74"]
[EventDate "2017.07.13"]
[EventType "swiss"]
[EventRounds "9"]
[EventCountry "ESP"]
[SourceTitle "Ajedrez en Madrid"]
[Source "lmi"]
[SourceDate "2017.07.13"]
[SourceVersion "1"]
[SourceVersionDate "2019.06.21"]
[SourceQuality "1"]

1. d4 d5 2. c4 dxc4 3. Nf3 Nf6 4. e3 Bg4 5. Bxc4 e6 6. Nc3 Nc6 7. Bb5 Bb4 8.
Qa4 Bxf3 9. gxf3 Qd6 10. a3 Bxc3+ 11. bxc3 O-O 12. f4 Ne7 13. O-O c5 14. Be2
Ned5 15. Qb3 Rfc8 16. dxc5 Qxc5 17. c4 Nb6 18. Bb2 Nxc4 19. Bxf6 gxf6 20. Bxc4
Qxc4 21. Qxb7 Qc6 22. Rab1 a5 23. Rfd1 Qxb7 24. Rxb7 Rc3 25. Rdd7 Rf8 26. Rb5
Rxa3 27. Ra7 a4 28. Rba5 Kh8 29. Rxa4 Rg8+ 30. Kf1 Rxa4 31. Rxa4 Rg6 32. f3 Kg7
33. f5 exf5 34. Rf4 Rg5 35. h4 Rh5 36. Kg2 Rh6 37. Kh3 Rg6 1/2-1/2

[Event "19. Obert Int. Sant Marti 2017"]
[Site "Barcelona ESP"]
[Date "2017.07.14"]
[Round "2.16"]
[White "Dalo, Hermes"]
[Black "Iniyan, P."]
[Result "0-1"]
[WhiteElo "2202"]
[BlackElo "2380"]
[PlyCount "44"]
[EventDate "2017.07.13"]
[EventType "swiss"]
[EventRounds "9"]
[EventCountry "ESP"]
[SourceTitle "Ajedrez en Madrid"]
[Source "lmi"]
[SourceDate "2017.07.13"]
[SourceVersion "1"]
[SourceVersionDate "2019.06.21"]
[SourceQuality "1"]

1. d4 Nf6 2. Nf3 g6 3. g3 Bg7 4. Bg2 O-O 5. O-O d6 6. b3 Nc6 7. Bb2 Bf5 8. Nh4
Bd7 9. c4 a6 10. Nd2 e5 11. dxe5 dxe5 12. e3 Qe7 13. Qc2 Rfe8 14. Ne4 Rad8 15.
a3 h6 16. f4 Nxe4 17. Qxe4 f5 18. Qc2 exf4 19. exf4 Nd4 20. Bd5+ Be6 21. Qf2
Bxd5 22. Bxd4 Qe4 0-1

[Event "19. Obert Int. Sant Marti 2017"]
[Site "Barcelona ESP"]
[Date "2017.07.14"]
[Round "2.17"]
[White "Salagran Ferragut, Guillem"]
[Black "Quirhuayo Chumbe, German Gonzalo"]
[Result "0-1"]
[WhiteElo "2201"]
[BlackElo "2376"]
[PlyCount "98"]
[EventDate "2017.07.13"]
[EventType "swiss"]
[EventRounds "9"]
[EventCountry "ESP"]
[SourceTitle "Ajedrez en Madrid"]
[Source "lmi"]
[SourceDate "2017.07.13"]
[SourceVersion "1"]
[SourceVersionDate "2019.06.21"]
[SourceQuality "1"]

1. e4 c5 2. Nf3 d6 3. d4 cxd4 4. Nxd4 Nf6 5. Nc3 a6 6. h3 e6 7. g4 Be7 8. g5
Nfd7 9. h4 b5 10. a3 Bb7 11. Be3 Nc6 12. Qd2 O-O 13. h5 Nxd4 14. Qxd4 Bxg5 15.
O-O-O Bf6 16. Qxd6 Ne5 17. Qc5 Qa5 18. Bd4 Rac8 19. Qb4 Qxb4 20. axb4 Rfd8 21.
Rh3 Bg5+ 22. Kb1 Nc6 23. Bc5 Rxd1+ 24. Nxd1 Ne5 25. Bd3 Rd8 26. Nc3 Bd2 27. Ne2
f6 28. f4 Nd7 29. Be7 Re8 30. Bd6 g5 31. hxg6 hxg6 32. Nd4 e5 33. fxe5 Nxe5 34.
Nb3 Bf4 35. Bxe5 Bxe5 36. Nc5 Bc8 37. Rh1 Kg7 38. c4 bxc4 39. Bxc4 Bd4 40. Bd3
g5 41. Nb3 Be3 42. Re1 Bb6 43. Nc5 g4 44. Kc2 a5 45. Na4 Bf2 46. Rd1 axb4 47.
Kb3 g3 48. Bf1 Rxe4 49. Rc1 Be6+ 0-1

[Event "19. Obert Int. Sant Marti 2017"]
[Site "Barcelona ESP"]
[Date "2017.07.14"]
[Round "2.18"]
[White "Grafl, Florian"]
[Black "Tejaswini, Sagar"]
[Result "1-0"]
[WhiteElo "2374"]
[BlackElo "2160"]
[PlyCount "67"]
[EventDate "2017.07.13"]
[EventType "swiss"]
[EventRounds "9"]
[EventCountry "ESP"]
[SourceTitle "Ajedrez en Madrid"]
[Source "lmi"]
[SourceDate "2017.07.13"]
[SourceVersion "1"]
[SourceVersionDate "2019.06.21"]
[SourceQuality "1"]

1. b4 d5 2. Bb2 Qd6 3. a3 e5 4. Nf3 e4 5. Nd4 c6 6. d3 Nf6 7. e3 Be7 8. c4 O-O
9. Nd2 Re8 10. Qc2 Bf8 11. cxd5 exd3 12. Bxd3 Qxd5 13. N2f3 Ne4 14. Ne2 Ng5 15.
Nxg5 Qxg5 16. Bxh7+ Kh8 17. Ng3 Nd7 18. O-O Nf6 19. Bd3 Bd7 20. Bd4 b6 21. Rfd1
c5 22. bxc5 bxc5 23. Bxf6 Qxf6 24. Rab1 Rab8 25. Qe2 Qh4 26. Qf3 Bg4 27. Qf4 g5
28. Qxb8 Rxb8 29. Rxb8 Bxd1 30. Nf5 Qa4 31. Rxf8+ Kh7 32. Rxf7+ Kg6 33. Nd6+
Kh5 34. Rh7+ 1-0

[Event "19. Obert Int. Sant Marti 2017"]
[Site "Barcelona ESP"]
[Date "2017.07.14"]
[Round "2.19"]
[White "Ajay, Karthikeyan"]
[Black "Karim, Ismael"]
[Result "1/2-1/2"]
[WhiteElo "2187"]
[BlackElo "2361"]
[PlyCount "68"]
[EventDate "2017.07.13"]
[EventType "swiss"]
[EventRounds "9"]
[EventCountry "ESP"]
[SourceTitle "Ajedrez en Madrid"]
[Source "lmi"]
[SourceDate "2017.07.13"]
[SourceVersion "1"]
[SourceVersionDate "2019.06.21"]
[SourceQuality "1"]

1. d4 d6 2. Nf3 g6 3. g3 Bg7 4. c4 f5 5. Bg2 Nf6 6. Nc3 O-O 7. O-O Nc6 8. d5
Ne5 9. Nxe5 dxe5 10. f4 e4 11. h3 e6 12. Be3 exd5 13. cxd5 c6 14. dxc6 Qxd1 15.
Rfxd1 bxc6 16. Bc5 Re8 17. e3 Be6 18. Rac1 Nd7 19. Ba3 Nb6 20. Bf1 Nc4 21. Bxc4
Bxc4 22. b3 Bd3 23. Na4 Bb5 24. Nc3 Bxc3 25. Rxc3 Red8 26. Rd4 Rxd4 27. exd4 a5
28. Bc5 a4 29. bxa4 Rxa4 30. a3 Bc4 31. Kf2 Kf7 32. Ke3 Ke6 33. Bb4 Bd5 34. Rc5
Kd7 1/2-1/2

[Event "19. Obert Int. Sant Marti 2017"]
[Site "Barcelona ESP"]
[Date "2017.07.14"]
[Round "2.20"]
[White "Morales, Jhon Alexander"]
[Black "Moksh, Amit Doshi"]
[Result "1-0"]
[WhiteElo "2355"]
[BlackElo "2154"]
[PlyCount "83"]
[EventDate "2017.07.13"]
[EventType "swiss"]
[EventRounds "9"]
[EventCountry "ESP"]
[SourceTitle "Ajedrez en Madrid"]
[Source "lmi"]
[SourceDate "2017.07.13"]
[SourceVersion "1"]
[SourceVersionDate "2019.06.21"]
[SourceQuality "1"]

1. d4 Nf6 2. Nf3 g6 3. Bg5 Bg7 4. Nbd2 O-O 5. c3 d6 6. e4 c5 7. dxc5 dxc5 8.
Bc4 Nc6 9. Qe2 Qc7 10. O-O Na5 11. Bd3 Be6 12. e5 Nd7 13. Rfe1 Rfe8 14. Bf4 c4
15. Bc2 a6 16. Nd4 Bd5 17. Qe3 e6 18. h4 Nc6 19. Nxc6 Qxc6 20. Qg3 h5 21. Ne4
Bxe4 22. Rxe4 Nb6 23. Rae1 Rad8 24. Qf3 Nd7 25. Qe2 b5 26. Bg5 Rc8 27. g4 hxg4
28. Qxg4 Nc5 29. h5 Nxe4 30. Bxe4 Qb6 31. hxg6 Rf8 32. Bf6 fxg6 33. Qxg6 Rf7
34. Re3 Kf8 35. Rg3 Rcc7 36. Rh3 Ke8 37. Rh2 Rcd7 38. Rh7 Rd2 39. Qg3 Rd1+ 40.
Kg2 Re1 41. Rxg7 Rxe4 42. Rxf7 1-0

[Event "19. Obert Int. Sant Marti 2017"]
[Site "Barcelona ESP"]
[Date "2017.07.14"]
[Round "2.21"]
[White "Degraeve, Remy"]
[Black "Tissir, Mohamed"]
[Result "0-1"]
[WhiteElo "2164"]
[BlackElo "2354"]
[PlyCount "60"]
[EventDate "2017.07.13"]
[EventType "swiss"]
[EventRounds "9"]
[EventCountry "ESP"]
[SourceTitle "Ajedrez en Madrid"]
[Source "lmi"]
[SourceDate "2017.07.13"]
[SourceVersion "1"]
[SourceVersionDate "2019.06.21"]
[SourceQuality "1"]

1. e4 c5 2. Nf3 d6 3. Nc3 a6 4. d4 cxd4 5. Nxd4 Nf6 6. h4 e6 7. g4 b5 8. g5
Nfd7 9. f4 b4 10. Nce2 Bb7 11. Bg2 Nc5 12. Ng3 e5 13. Nb3 Nbd7 14. f5 Qc7 15.
Be3 Na4 16. g6 Nf6 17. gxf7+ Kxf7 18. Rb1 Rc8 19. Na1 Nxb2 20. Qc1 Nc4 21. Rxb4
d5 22. Rb1 Ba3 23. Bb6 Bxc1 24. Bxc7 Bd2+ 25. Kd1 Rxc7 26. exd5 Bxd5 27. Bxd5+
Nxd5 28. Ne4 Rd8 29. Nxd2 Nc3+ 30. Kc1 Nxa2+ 0-1

[Event "19. Obert Int. Sant Marti 2017"]
[Site "Barcelona ESP"]
[Date "2017.07.14"]
[Round "2.22"]
[White "Perpinya Rofes, Lluis Maria"]
[Black "Meza Ponce, Jerry"]
[Result "1-0"]
[WhiteElo "2352"]
[BlackElo "2116"]
[PlyCount "51"]
[EventDate "2017.07.13"]
[EventType "swiss"]
[EventRounds "9"]
[EventCountry "ESP"]
[SourceTitle "Ajedrez en Madrid"]
[Source "lmi"]
[SourceDate "2017.07.13"]
[SourceVersion "1"]
[SourceVersionDate "2019.06.21"]
[SourceQuality "1"]

1. e4 c5 2. Nf3 d6 3. d4 cxd4 4. Nxd4 Nf6 5. Nc3 g6 6. Be3 Bg7 7. f3 O-O 8. Qd2
Nc6 9. Bc4 Bd7 10. O-O-O Ne5 11. Bb3 Rc8 12. Kb1 Re8 13. h4 h5 14. g4 b5 15.
gxh5 Nxh5 16. Bh6 a5 17. Bxg7 Kxg7 18. f4 Nc4 19. Bxc4 Rxc4 20. f5 b4 21. Nd5
e5 22. fxe6 Bxe6 23. Rhg1 Kh7 24. Rdf1 Qxh4 25. Rh1 Bh3 26. Nf3 1-0

[Event "19. Obert Int. Sant Marti 2017"]
[Site "Barcelona ESP"]
[Date "2017.07.14"]
[Round "2.23"]
[White "Gil Quilez, Sonia"]
[Black "Gutierrez Olivares, Daniel"]
[Result "0-1"]
[WhiteElo "2158"]
[BlackElo "2352"]
[PlyCount "64"]
[EventDate "2017.07.13"]
[EventType "swiss"]
[EventRounds "9"]
[EventCountry "ESP"]
[SourceTitle "Ajedrez en Madrid"]
[Source "lmi"]
[SourceDate "2017.07.13"]
[SourceVersion "1"]
[SourceVersionDate "2019.06.21"]
[SourceQuality "1"]

1. d4 Nf6 2. c4 e6 3. Nc3 c5 4. d5 exd5 5. cxd5 Bd6 6. Nf3 O-O 7. g3 Bc7 8. Bg2
d6 9. O-O a6 10. a4 Re8 11. Qc2 Nbd7 12. Bg5 Rb8 13. Nh4 h6 14. Bd2 b5 15. axb5
axb5 16. Nf5 Nf8 17. Ne3 Ng6 18. h3 b4 19. Ncd1 h5 20. f4 Bd7 21. b3 Bb5 22.
Bc1 Bb6 23. Nc4 Qe7 24. Re1 Bxc4 25. Qxc4 Ne4 26. Bxe4 Qxe4 27. Ne3 Qe7 28. Kg2
h4 29. Qc2 hxg3 30. Nf5 Qf6 31. Nxd6 Qxd6 32. Qc4 Nh4+ 0-1

[Event "19. Obert Int. Sant Marti 2017"]
[Site "Barcelona ESP"]
[Date "2017.07.14"]
[Round "2.24"]
[White "Arjun, Kalyan"]
[Black "Ventura Bolet, Alexandre"]
[Result "1-0"]
[WhiteElo "2347"]
[BlackElo "2080"]
[PlyCount "95"]
[EventDate "2017.07.13"]
[EventType "swiss"]
[EventRounds "9"]
[EventCountry "ESP"]
[SourceTitle "Ajedrez en Madrid"]
[Source "lmi"]
[SourceDate "2017.07.13"]
[SourceVersion "1"]
[SourceVersionDate "2019.06.21"]
[SourceQuality "1"]

1. e4 Nf6 2. e5 Nd5 3. d4 d6 4. Nf3 Nb6 5. a4 a5 6. Nc3 g6 7. exd6 cxd6 8. Bb5+
Bd7 9. h4 h6 10. Bf4 Bg7 11. Qd2 Bxb5 12. axb5 N8d7 13. O-O Nf6 14. Rfe1 Rc8
15. Qe2 O-O 16. Bd2 e6 17. Rxa5 Nc4 18. Ra2 d5 19. Bf4 Nxb2 20. Rxb2 Rxc3 21.
b6 Ne4 22. Bc7 Qe7 23. Rb3 Rxb3 24. cxb3 Ra8 25. Rc1 Qb4 26. Qe3 Ra2 27. Be5
Ra8 28. Bxg7 Kxg7 29. Qf4 Qxb6 30. Ne5 f5 31. Ng4 fxg4 32. Rc7+ Qxc7 33. Qxc7+
Kf6 34. Qe5+ Kf7 35. h5 g5 36. Qc7+ Kf6 37. Qh7 Ra1+ 38. Kh2 Ra2 39. Qxh6+ Ke7
40. Qg7+ Kd6 41. Qf8+ Kd7 42. h6 Nxf2 43. Qg7+ Kc6 44. Qf7 g3+ 45. Kxg3 Ne4+
46. Kh2 g4 47. Qxe6+ Kc7 48. Qxg4 1-0

[Event "19. Obert Int. Sant Marti 2017"]
[Site "Barcelona ESP"]
[Date "2017.07.14"]
[Round "2.25"]
[White "Marchador Villalba, Jordi"]
[Black "Rios Parra, Alejandro"]
[Result "0-1"]
[WhiteElo "1980"]
[BlackElo "2342"]
[PlyCount "128"]
[EventDate "2017.07.13"]
[EventType "swiss"]
[EventRounds "9"]
[EventCountry "ESP"]
[SourceTitle "Ajedrez en Madrid"]
[Source "lmi"]
[SourceDate "2017.07.13"]
[SourceVersion "1"]
[SourceVersionDate "2019.06.21"]
[SourceQuality "1"]

1. d4 Nf6 2. Bf4 g6 3. e3 Bg7 4. Nf3 O-O 5. Be2 b6 6. h3 c5 7. O-O d6 8. c4
cxd4 9. exd4 Nbd7 10. Nc3 Bb7 11. b4 a5 12. Qb3 Ne4 13. Nxe4 Bxe4 14. Rfd1 axb4
15. Qxb4 Ra5 16. a4 Qa8 17. Ra2 Bc6 18. Rda1 e5 19. dxe5 dxe5 20. Be3 Rb8 21.
Qd6 Nc5 22. Nxe5 Bxg2 23. Rb1 Ne4 24. Qc6 Nc3 25. Kxg2 Bxe5 26. Qxa8 Raxa8 27.
Rab2 Nxb1 28. Rxb1 Rxa4 29. Rxb6 Rxb6 30. Bxb6 Ra3 31. Be3 f5 32. Bf3 f4 33.
Bb6 Kg7 34. h4 Rc3 35. Bd5 Bf6 36. Bc7 f3+ 37. Kg3 Bd4 38. Kf4 Rc2 39. Kxf3
Bxf2 40. Be5+ Kf8 41. Kg4 Bc5 42. Bf4 Kg7 43. Be5+ Kf8 44. Kg5 Be7+ 45. Kg4 h5+
46. Kg3 Rc1 47. Kh3 Re1 48. Bf4 Ra1 49. Be4 Ra3+ 50. Kg2 Kg7 51. Bg3 Ra2+ 52.
Kf3 Kf6 53. Bf4 Ra3+ 54. Kg2 Rc3 55. Bg5+ Kf7 56. Bd5+ Kf8 57. Bh6+ Ke8 58. Be4
Rxc4 59. Bxg6+ Kd8 60. Bg5 Bxg5 61. hxg5 Rg4+ 62. Kh3 Rxg5 63. Bc2 Ke7 64. Kh4
Kf6 0-1